00707nas a22002177i 45000010005000000030004000050050017000090070003000260080041000290240014000700240020000840400008001042450011001122600062001231100049001858660049002348660090002839420006003739990015003799520095003946235OSt20170216211006.0tu161220s xxu||||| |||| 00| 0 d7 a62352RID7 a62352RSN (alt) cOSt00aReport aNew York :bThe Levy Economics Institute of Bard College.2 aThe Levy Economics Institute of Bard College 0ulaufender Jahrgang vorhanden - Vol 20, No.1 0ulaufender und vorheriger Jahrgang vorhanden (unvollständig)
fehlt:
Vol 19 cP c5852d5852 00104070aBIBbBIBc1d2004-08-04i6235l0p10001722r2017-01-26 00:00:00w2017-01-26yP